000 01079nam a2200325Ia 4500
003 OSt
005 20221007121559.0
006 a|||||r|||| 00| 0
007 ta
008 221006b |||||||| |||| 00| 0 eng d
020 _a9781605357409 (pbk)
024 _a200964
037 _b2266, 06/02/2020, Dhanraj Book House
_cTextual
040 _aBDL
_cBDL
_beng
041 _2eng
_aeng
082 _aG:66, P9;Q8;1 Carb
100 _aFutuyma Douglas J
_9421735
245 0 _aEvolution
_b Kirkpatrick Mark
250 _a4
260 _aNew
_bYork Oxford University Press
_c2018
300 _axviii, 599p. ill. col.
_ccm.
500 _aAppendix A-1-13p.; Glossary G-1-18p.; Index I-1-31p.
650 _a Cooperation and conflict
_9712462
650 _a Mutation and variation
_9712463
650 _a Phenotypic evolution
_9712464
650 _aBotany
700 _a Kirkpatrick Mark
_9471433
942 _hG:66, P9;Q8;1 Carb
_cTEXL
_2CC
999 _c1209050
_d1209050